[Event "World Blitz Women 2025"]
[Site "Doha QAT"]
[Date "2025.12.29"]
[Round "6.10"]
[White "Injac, Teodora"]
[Black "Tan, Zhongyi"]
[Result "1/2-1/2"]
[WhiteTitle "IM"]
[BlackTitle "GM"]
[WhiteElo "2421"]
[BlackElo "2524"]
[WhiteFideId "932400"]
[BlackFideId "8603642"]
[EventDate "2025.12.29"]

1. Nf3 d5 2. g3 c5 3. Bg2 Nc6 4. d4 Nf6 5. O-O cxd4 6. Nxd4 e5 7. Nxc6 bxc6 8.
c4 Be6 9. Qa4 Qd7 10. Nc3 Rc8 11. cxd5 cxd5 12. Qxd7+ Kxd7 13. Rd1 Bc5 14. Na4
Bd6 15. Bg5 Rc4 16. b3 Rd4 17. Bxf6 gxf6 18. Rdc1 Rd2 19. Nc5+ Bxc5 20. Rxc5 Rc8
21. Rxc8 Kxc8 22. Kf1 Kd7 23. Ke1 Rb2 24. Rd1 Rxa2 25. Bxd5 Bxd5 26. Rxd5+ Ke6
27. Rb5 h5 28. f3 Kf5 29. Kf2 Kg5 30. h4+ Kf5 31. Rb7 Ke6 32. Rb8 f5 33. Rh8 Ra3
34. Rxh5 Rxb3 35. Rh6+ f6 36. Rh7 a5 37. Ra7 Ra3 38. h5 Ra1 39. h6 Rh1 40. h7 a4
41. Kg2 Rh6 42. Ra6+ Kf7 43. Rxa4 Rxh7 44. Ra7+ Kg6 45. Rxh7 Kxh7 46. Kf2 1/2-1/2

[Event "World Blitz Women 2025"]
[Site "Doha QAT"]
[Date "2025.12.29"]
[Round "6.11"]
[White "Maltsevskaya, Aleksandra"]
[Black "Muzychuk, Anna"]
[Result "0-1"]
[WhiteTitle "IM"]
[BlackTitle "GM"]
[WhiteElo "2398"]
[BlackElo "2518"]
[WhiteFideId "24174041"]
[BlackFideId "14111330"]
[EventDate "2025.12.29"]

1. Nf3 d5 2. g3 g6 3. c4 dxc4 4. Bg2 Bg7 5. O-O e5 6. Qa4+ Nc6 7. Qxc4 Nge7 8.
d3 h6 9. Nc3 O-O 10. Bd2 Nd4 11. Nxd4 exd4 12. Ne4 c6 13. b4 Be6 14. Qc1 Kh7 15.
Nc5 Qc8 16. b5 Bd5 17. Bxd5 Nxd5 18. bxc6 Qxc6 19. Ne4 Rac8 20. Qxc6 Rxc6 21.
Rfc1 Rfc8 22. Rxc6 Rxc6 23. Rc1 Rxc1+ 24. Bxc1 f5 25. Nd6 Nc3 26. Bb2 Nxe2+ 27.
Kf1 Nc3 28. Nxb7 Nxa2 29. Nc5 Nb4 30. Ba3 Nc6 31. Ne6 Bf6 32. Ke2 Kg8 33. Kd2
Kf7 34. Nc7 Be5 35. Na6 f4 36. Ke2 fxg3 37. fxg3 Ke6 38. Kf3 Kd5 39. h3 h5 40.
g4 Bh2 41. gxh5 gxh5 42. Bc1 Ne5+ 43. Ke2 Ng6 44. Kf3 Bd6 45. Bg5 Ne5+ 46. Ke2
Kc6 47. Bf4 Kb5 0-1

[Event "World Blitz Women 2025"]
[Site "Doha QAT"]
[Date "2025.12.29"]
[Round "6.12"]
[White "Wang, Chuqiao"]
[Black "Roebers, Eline"]
[Result "0-1"]
[WhiteTitle "WIM"]
[BlackTitle "IM"]
[WhiteElo "2235"]
[BlackElo "2396"]
[WhiteFideId "8631638"]
[BlackFideId "1058401"]
[EventDate "2025.12.29"]

1. d4 d6 2. Nf3 f5 3. c4 Nf6 4. Nc3 g6 5. g3 Bg7 6. Bg2 O-O 7. O-O Qe8 8. Qb3
Kh8 9. Rd1 e5 10. dxe5 dxe5 11. Bg5 Na6 12. Qb5 h6 13. Bd2 e4 14. Qxe8 Rxe8 15.
Nd4 Ng4 16. Ndb5 Be6 17. b3 c6 18. Na3 e3 19. fxe3 Rad8 20. Rac1 Rd7 21. h3 Nf6
22. Nc2 Bf7 23. Be1 Rde7 24. Rd6 Nc5 25. Rcd1 Kg8 26. Kf1 Nh5 27. b4 Ne6 28. b5
Be5 29. Rd7 cxb5 30. Nxb5 Nc5 31. Rxe7 Rxe7 32. g4 fxg4 33. hxg4 Nf6 34. Bf3 Be6
35. Bb4 b6 36. Ncd4 Bxg4 37. Nc6 Bh3+ 38. Kg1 Re8 39. Ncxa7 Ng4 40. Bxg4 Bxg4
41. Bxc5 bxc5 42. Kf2 Rf8+ 43. Ke1 Bg3+ 44. Kd2 h5 45. a4 h4 46. Nc3 h3 47. Ne4
Rd8+ 48. Kc2 Rxd1 49. Kxd1 Bh4 0-1

[Event "World Blitz Women 2025"]
[Site "Doha QAT"]
[Date "2025.12.29"]
[Round "6.13"]
[White "Arabidze, Meri"]
[Black "Bodnaruk, Anastasia"]
[Result "1-0"]
[WhiteTitle "IM"]
[BlackTitle "IM"]
[WhiteElo "2413"]
[BlackElo "2357"]
[WhiteFideId "13604040"]
[BlackFideId "4181751"]
[EventDate "2025.12.29"]

1. d4 Nf6 2. Nf3 g6 3. Nbd2 d5 4. e3 Bg7 5. b4 O-O 6. Be2 a5 7. b5 c5 8. bxc6
bxc6 9. Ba3 Nbd7 10. O-O Re8 11. c4 e5 12. dxe5 Nxe5 13. Nxe5 Rxe5 14. Bb2 Re8
15. cxd5 Nxd5 16. Bxg7 Kxg7 17. Rc1 Qf6 18. Bf3 Ba6 19. Re1 Rad8 20. Qa4 Bb5 21.
Qa3 Nb4 22. Ne4 Qe5 23. Nc5 Qc7 24. Qb2+ Qe5 25. Qa3 Qc7 26. h3 h5 27. Qb2+ Qe5
28. Qxe5+ Rxe5 29. a3 Nd3 30. Nxd3 Rxd3 31. Bxc6 Bxc6 32. Rxc6 Rxa3 33. Re2 Ra1+
34. Kh2 a4 35. Ra6 Rc5 36. h4 Rc4 37. g3 a3 38. Rd2 Rc7 39. Kg2 Rb7 40. Rc2 Rd7
41. Ra5 Rb7 42. Ra6 Rb2 43. Rxa3 Rxc2 44. Rxa1 Rb2 45. Ra4 Rc2 46. Rd4 Rb2 47.
Rd5 Rc2 48. e4 Kf6 49. Kf3 Ke6 50. Rd3 Ra2 51. Ke3 Ra1 52. f3 Ra2 53. Kf4 Ra4
54. Rb3 Kf6 55. Rb6+ Kg7 56. Rb7 Rc4 57. Ra7 Rb4 58. Rd7 Ra4 59. Ke5 Ra3 60. Kf4
Ra4 61. g4 hxg4 62. Kxg4 Rb4 63. Re7 Kf6 64. Ra7 Rc4 65. Kf4 Rb4 66. Ra5 Rb1 67.
h5 gxh5 68. Rxh5 Rb4 69. Rh6+ Ke7 70. Ra6 Rb3 71. Kg4 Kf8 72. f4 Re3 73. Kf5 Kg7
74. e5 Re1 75. Ra7 Re2 76. Re7 Kf8 77. Kf6 Re4 78. Rxf7+ Ke8 79. Ke6 Ra4 80. Rb7
Ra6+ 81. Kf5 Ra5 82. Kf6 Ra4 83. f5 Kd8 84. e6 Kc8 85. Rh7 Ra6 86. Rg7 Kd8 87.
Rg8+ Kc7 88. Kf7 Kd6 89. Rd8+ Ke5 90. e7 Ra7 1-0

[Event "World Blitz Women 2025"]
[Site "Doha QAT"]
[Date "2025.12.29"]
[Round "6.14"]
[White "Khafizova, Diana"]
[Black "Mungunzul, Bat-Erdene"]
[Result "1-0"]
[WhiteTitle "WFM"]
[BlackTitle "WIM"]
[WhiteElo "2234"]
[BlackElo "2350"]
[WhiteFideId "34378049"]
[BlackFideId "4902831"]
[EventDate "2025.12.29"]

1. d4 d6 2. e4 Nf6 3. Nc3 g6 4. Be3 a6 5. a4 Bg7 6. h3 Nc6 7. Nf3 O-O 8. Be2 e5
9. O-O exd4 10. Nxd4 Re8 11. Bf3 Ne5 12. Be2 Ned7 13. f3 Nc5 14. Qd2 Ne6 15.
Rad1 Nh5 16. Rfe1 Be5 17. Nxe6 fxe6 18. f4 Bg7 19. Bxh5 gxh5 20. e5 d5 21. Qe2
h4 22. Qg4 Qe7 23. Bf2 Kh8 24. Bxh4 Qb4 25. Re3 Bd7 26. Nxd5 exd5 27. Qxd7 Qxf4
28. Bf2 Rad8 29. Qxc7 d4 30. Rf3 Qe4 31. Re1 Qg6 32. Rg3 Qh6 33. Re4 Rc8 34.
Qxb7 Rxe5 35. Rxg7 Rxe4 36. Qxe4 Kxg7 37. Qg4+ Kf7 38. Qxc8 Qc1+ 39. Kh2 Qf4+
40. Bg3 Qe3 41. Qxa6 Qd2 42. Qc4+ 1-0

[Event "World Blitz Women 2025"]
[Site "Doha QAT"]
[Date "2025.12.29"]
[Round "6.15"]
[White "Nurman, Alua"]
[Black "Rodriguez Redondo, Adhara"]
[Result "1-0"]
[WhiteTitle "WGM"]
[BlackTitle "WFM"]
[WhiteElo "2367"]
[BlackElo "2207"]
[WhiteFideId "13729390"]
[BlackFideId "32065698"]
[EventDate "2025.12.29"]

1. e4 e5 2. Nf3 Nc6 3. Bb5 Nf6 4. d3 Bc5 5. O-O d6 6. c3 O-O 7. h3 Bb6 8. Re1
Ne7 9. Nbd2 Ng6 10. Nf1 c6 11. Ba4 Re8 12. Ng3 h6 13. d4 Qc7 14. Bc2 Be6 15. Be3
Rad8 16. Qc1 Kh7 17. Nf5 Bxf5 18. exf5 Ne7 19. dxe5 dxe5 20. Bxb6 axb6 21. Rxe5
Ned5 22. Rxe8 Rxe8 23. Qd2 Nf4 24. Re1 Rd8 25. Qe3 Kg8 26. Qe5 Qxe5 27. Rxe5
N6d5 28. Kh2 Nf6 29. g3 N4d5 30. a3 b5 31. Kg2 Rd7 32. Nd4 Nb6 33. Bb3 Nfd5 34.
Re8+ Kh7 35. Rb8 Nc4 36. Bxc4 bxc4 37. Re8 Nb6 38. Re5 Na4 39. Re2 Nc5 40. g4
Nd3 41. Kg3 Rd5 42. Rd2 c5 43. Nc2 Rd6 44. Ne3 b5 45. a4 Rb6 46. axb5 Rxb5 47.
Nxc4 Nc1 48. Nd6 Rb6 49. Nxf7 Kg8 50. Ne5 Nb3 51. Rd8+ Kh7 52. Ng6 1-0

[Event "World Blitz Women 2025"]
[Site "Doha QAT"]
[Date "2025.12.29"]
[Round "6.16"]
[White "Lei, Tingjie"]
[Black "Yakimova, Mariya"]
[Result "1-0"]
[WhiteTitle "GM"]
[BlackTitle "WFM"]
[WhiteElo "2569"]
[BlackElo "2241"]
[WhiteFideId "8605114"]
[BlackFideId "34188859"]
[EventDate "2025.12.29"]

1. d4 d5 2. Nf3 Nf6 3. Bf4 e6 4. e3 c5 5. Nbd2 Qb6 6. Rb1 cxd4 7. exd4 Bd7 8.
Be2 Bb5 9. O-O Bxe2 10. Qxe2 Nc6 11. c3 Be7 12. b4 O-O 13. a4 a6 14. Rfc1 Rfc8
15. Ne1 Bf8 16. Nd3 Qd8 17. h3 b6 18. Be3 Ne7 19. Ra1 a5 20. b5 Nf5 21. Ne5 Bd6
22. Nc6 Qd7 23. Bg5 Ne7 24. Bxf6 gxf6 25. Nxe7+ Qxe7 26. c4 Bb4 27. cxd5 exd5
28. Rxc8+ Rxc8 29. Qg4+ 1-0

[Event "World Blitz Women 2025"]
[Site "Doha QAT"]
[Date "2025.12.29"]
[Round "6.17"]
[White "Koneru, Humpy"]
[Black "Toncheva, Nadya"]
[Result "0-1"]
[WhiteTitle "GM"]
[BlackTitle "FM"]
[WhiteElo "2535"]
[BlackElo "2362"]
[WhiteFideId "5008123"]
[BlackFideId "2924056"]
[EventDate "2025.12.29"]

1. Nf3 c5 2. b3 Nc6 3. Bb2 d6 4. d4 cxd4 5. Nxd4 Nf6 6. c4 e5 7. Nxc6 bxc6 8. g3
Be7 9. Bg2 Qc7 10. Nc3 Be6 11. O-O O-O 12. Rc1 Rad8 13. Nd5 cxd5 14. cxd5 Qd7
15. dxe6 Qxe6 16. Rc7 Rd7 17. Qc2 Bd8 18. Rc6 Bb6 19. h3 Qe7 20. Ba3 Rfd8 21.
Rd1 Ne8 22. b4 d5 23. Qb3 Nf6 24. b5 Qe8 25. e3 h6 26. Bb4 e4 27. a4 Qe5 28. a5
Bc7 29. Bc3 Qf5 30. Bxf6 gxf6 31. b6 axb6 32. axb6 Bb8 33. b7 Kg7 34. Rc5 Qe6
35. Rdc1 Qa6 36. Bf1 Qxb7 37. Rb5 Qa7 38. Rc6 Be5 39. h4 Qa1 40. Qc2 Ra7 41. Rb1
Qa2 42. Qd1 Kf8 43. Qh5 Ke7 44. Rcb6 Rc7 45. Qxh6 Rc2 46. Rb7+ Rd7 47. Rxd7+
Kxd7 48. Bh3+ Ke7 49. Rf1 Qa6 50. Qh5 Qb6 51. Qf5 Qc7 52. Kg2 Qa7 53. h5 Qxe3
54. h6 Qxh6 55. Qd7+ Kf8 56. Qxd5 Qg5 57. Kg1 e3 58. Qd3 exf2+ 59. Rxf2 Rc1+ 60.
Kg2 Kg7 61. Bf5 Qh6 62. Kf3 Qh5+ 63. Bg4 Qh1+ 64. Ke2 Re1+ 65. Kd2 Qg1 66. Re2
Rxe2+ 67. Bxe2 Bxg3 68. Qe4 Qe1+ 69. Kd3 Qb1+ 70. Ke3 Bf2+ 71. Kf4 Bg3+ 72. Kf3
Qh1+ 73. Ke3 Bf2+ 74. Kd3 Qb1+ 0-1

[Event "World Blitz Women 2025"]
[Site "Doha QAT"]
[Date "2025.12.29"]
[Round "6.18"]
[White "Kosteniuk, Alexandra"]
[Black "Badelka, Olga"]
[Result "0-1"]
[WhiteTitle "GM"]
[BlackTitle "IM"]
[WhiteElo "2483"]
[BlackElo "2395"]
[WhiteFideId "4128125"]
[BlackFideId "13509926"]
[EventDate "2025.12.29"]

1. e4 d6 2. d4 Nf6 3. Nc3 g6 4. Be3 Bg7 5. Qd2 a6 6. h4 Nc6 7. f3 h5 8. Nh3 Bxh3
9. Rxh3 b5 10. a4 b4 11. Nd5 O-O 12. Nxb4 Nxb4 13. Qxb4 Rb8 14. Qc3 a5 15. Bb5
c5 16. Qd2 cxd4 17. Bxd4 d5 18. e5 Nd7 19. f4 e6 20. Bd3 Re8 21. Kf1 Bf8 22. Kg1
Bc5 23. Bb5 Qb6 24. c3 Red8 25. Kh1 Rbc8 26. Rd1 Nf8 27. Rg3 Bxd4 28. Qxd4 Qb8
29. Rd2 Rc7 30. Qd3 Rcc8 31. Qe2 Kh8 32. Rgd3 Qc7 33. Qd1 Qe7 34. g3 Nd7 35. Rd4
Nb6 36. Kh2 Qc7 37. Qe2 Kg7 38. Qd3 Qc5 39. Kh3 Rc7 40. Rg2 Rh8 41. Qd2 Rhc8 42.
Be2 Rh8 43. Qd1 Rcc8 44. Qb3 Qc7 45. Qb5 Nd7 46. Qd3 Nc5 47. Qc2 Rb8 48. Bb5 Nd7
49. c4 Nb6 50. c5 Rhc8 51. c6 Na8 52. Qc5 Rb6 53. g4 hxg4+ 54. Rxg4 Rh8 55. Qd6
Rbb8 56. Qxc7 Nxc7 57. Rg2 Nxb5 58. axb5 Rxb5 59. Rc2 Rc8 60. Ra4 Rc7 61. Kg3
Rb6 62. Rxa5 Rcxc6 63. Rxc6 Rxc6 64. Ra1 Rb6 65. Rb1 Rb3+ 66. Kg4 Kh6 67. Rc1
Rxb2 68. Rc8 Rg2+ 69. Kf3 Rg1 70. Rd8 Kg7 71. Rd7 Kf8 72. Rd8+ Kg7 73. Rd7 Ra1
74. Kg4 Rg1+ 75. Kf3 Kf8 76. Rd8+ Ke7 77. Ra8 Rh1 78. Kg4 d4 79. Ra7+ Ke8 80.
Ra8+ Kd7 81. Ra7+ Kc6 82. Kf3 d3 83. Ke3 Rh3+ 84. Kd2 Kd5 85. Rxf7 Ke4 86. Rf6
Rh2+ 87. Kc3 d2 88. Kc2 Ke3 89. Rxe6 Rh1 90. Rd6 Rc1+ 91. Kb2 d1=Q 92. Rxd1 Rxd1
93. h5 Kxf4 0-1

[Event "World Blitz Women 2025"]
[Site "Doha QAT"]
[Date "2025.12.29"]
[Round "6.19"]
[White "Song, Yuxin"]
[Black "Pham, Le Thao Nguyen"]
[Result "1-0"]
[WhiteTitle "IM"]
[BlackTitle "IM"]
[WhiteElo "2454"]
[BlackElo "2348"]
[WhiteFideId "8614300"]
[BlackFideId "12401226"]
[EventDate "2025.12.29"]

1. e4 c6 2. d4 d5 3. e5 Bf5 4. Nf3 e6 5. Be2 Ne7 6. c3 Nd7 7. O-O Bg6 8. a4 Nc8
9. Na3 Be7 10. Nc2 O-O 11. a5 c5 12. dxc5 Bxc5 13. Ncd4 a6 14. c4 Ne7 15. cxd5
Nxd5 16. Bc4 Nc7 17. Be3 Qe7 18. Qb3 Rab8 19. Rac1 Rfc8 20. Rfd1 Be4 21. Bg5 Qe8
22. Qe3 Bxf3 23. gxf3 Nf8 24. Qe4 Ng6 25. h4 Be7 26. Kg2 h6 27. Bxe7 Qxe7 28.
Rh1 Nd5 29. Ne2 Rc5 30. Bd3 Rxc1 31. Rxc1 Qxh4 32. Qxh4 Nxh4+ 33. Kg3 Ng6 34.
Bxg6 fxg6 35. Nd4 Kf7 36. Nb3 g5 37. Rc4 Ke7 38. Rd4 Rc8 39. Nd2 Rc2 40. b3 Nf4
41. Kg4 g6 42. Ne4 Rc1 43. Rb4 Rg1+ 44. Ng3 Kd7 45. Rxb7+ 1-0

[Event "World Blitz Women 2025"]
[Site "Doha QAT"]
[Date "2025.12.29"]
[Round "6.20"]
[White "Beydullayeva, Govhar"]
[Black "Khademalsharieh, Sarasadat"]
[Result "0-1"]
[WhiteTitle "WGM"]
[BlackTitle "IM"]
[WhiteElo "2364"]
[BlackElo "2414"]
[WhiteFideId "13413015"]
[BlackFideId "12512214"]
[EventDate "2025.12.29"]

1. d4 d5 2. c4 e6 3. Nc3 Bb4 4. cxd5 exd5 5. Nf3 Nf6 6. Bg5 h6 7. Bh4 c6 8. e3
Nbd7 9. Bd3 O-O 10. O-O a5 11. Qc2 Re8 12. a3 Be7 13. Rab1 Nf8 14. Ne5 N6d7 15.
Bxe7 Qxe7 16. Nf3 Nb6 17. h3 a4 18. Rbe1 Be6 19. Ne5 Nfd7 20. Nxd7 Qxd7 21. f3
Qd6 22. Rd1 Bd7 23. Rfe1 Re7 24. Qf2 c5 25. dxc5 Qxc5 26. e4 Qxf2+ 27. Kxf2 dxe4
28. Nxe4 Kf8 29. Nc5 Rxe1 30. Nxd7+ Nxd7 31. Rxe1 Nc5 32. Bc2 Rd8 33. Rd1 Rxd1
34. Bxd1 Nd3+ 35. Ke3 Nxb2 36. Be2 b5 37. Kd4 b4 38. axb4 a3 39. Kc3 Na4+ 40.
Kb3 a2 41. Kxa2 Nc3+ 42. Kb3 Nxe2 43. Kc4 Ke7 44. Kc5 Kd7 45. b5 Nf4 46. g3 Nxh3
47. Kb6 Ng5 48. Ka7 Ne6 49. b6 Nd4 50. b7 Nc6+ 51. Kb6 h5 52. Kc5 g5 53. Kd5 h4
54. gxh4 gxh4 55. Ke4 h3 0-1

[Event "World Blitz Women 2025"]
[Site "Doha QAT"]
[Date "2025.12.29"]
[Round "6.21"]
[White "Salimova, Nurgyul"]
[Black "Savitha, Shri B"]
[Result "1-0"]
[WhiteTitle "IM"]
[BlackTitle "IM"]
[WhiteElo "2396"]
[BlackElo "2334"]
[WhiteFideId "2915138"]
[BlackFideId "35061887"]
[EventDate "2025.12.29"]

1. d4 d5 2. c4 e6 3. Nf3 c6 4. e3 Nf6 5. Nc3 Nbd7 6. Be2 Bd6 7. O-O O-O 8. a4 b6
9. a5 Bb7 10. a6 Bc8 11. Qc2 dxc4 12. Bxc4 b5 13. Bd3 e5 14. Ne4 Nxe4 15. Bxe4
Rb8 16. Bxh7+ Kh8 17. Be4 c5 18. dxe5 Nxe5 19. Nxe5 Bxe5 20. Qxc5 Qd6 21. Qxd6
Bxd6 22. Bd2 Rb6 23. Bc3 Bc5 24. Rfc1 Rxa6 25. Rxa6 Bxa6 26. Bxg7+ Kxg7 27. Rxc5
Rd8 28. g4 Rd2 29. Rc2 Rd1+ 30. Kg2 b4 31. h4 b3 32. Rc3 Bf1+ 33. Kg3 Be2 34. f3
Bf1 35. Rxb3 Rd2 36. Kf4 a5 37. h5 Rd6 38. g5 Bc4 39. h6+ 1-0

[Event "World Blitz Women 2025"]
[Site "Doha QAT"]
[Date "2025.12.29"]
[Round "6.22"]
[White "Gaal, Zsoka"]
[Black "Gunina, Valentina"]
[Result "0-1"]
[WhiteTitle "IM"]
[BlackTitle "GM"]
[WhiteElo "2374"]
[BlackElo "2393"]
[WhiteFideId "777765"]
[BlackFideId "4167570"]
[EventDate "2025.12.29"]

1. Nf3 d5 2. g3 Bg4 3. Bg2 c6 4. h3 Bxf3 5. Bxf3 e5 6. d3 Nf6 7. O-O Bc5 8. e4
O-O 9. Qe2 Re8 10. a4 Na6 11. Nd2 h6 12. c3 Bf8 13. Rd1 Qd7 14. Bg2 Rad8 15. Re1
Nc5 16. b4 Ne6 17. Nf3 Qc7 18. Bb2 dxe4 19. dxe4 a5 20. b5 Nc5 21. Rad1 Nxa4 22.
Ba1 cxb5 23. Qxb5 Nc5 24. c4 Rxd1 25. Rxd1 Re6 26. Bc3 b6 27. Qb2 Na4 28. Qa1
Nxc3 29. Qxc3 Nxe4 30. Qc2 Nc5 31. Rd5 e4 32. Nd4 Re8 33. Nf5 a4 34. Qc3 g6 35.
Ne3 Bg7 36. Qb4 Ra8 37. Rd2 Nd3 38. Qa3 Qc5 39. Qa2 Nb4 40. Qa3 f5 41. Nd5 Nxd5
42. Qxc5 bxc5 43. cxd5 a3 44. Ra2 Kf8 45. Bf1 Ke7 46. Bc4 Bb2 47. Kf1 Kd6 48. f3
exf3 49. Kf2 Rb8 50. Kxf3 Rb4 51. Bd3 Kxd5 52. g4 Rb3 53. Ke2 c4 54. Bc2 fxg4
55. hxg4 g5 56. Bg6 Ke5 57. Bf7 Kd4 58. Kd2 Rg3 59. Be6 Rg2+ 60. Kd1 Kc3 61. Bd5
Rg1+ 62. Ke2 Kb3 63. Kf2 Rxg4 0-1

[Event "World Blitz Women 2025"]
[Site "Doha QAT"]
[Date "2025.12.29"]
[Round "6.23"]
[White "Cori T., Deysi"]
[Black "Jiang, Tianyu"]
[Result "1-0"]
[WhiteTitle "IM"]
[WhiteElo "2349"]
[BlackElo "2224"]
[WhiteFideId "3801934"]
[BlackFideId "8627215"]
[EventDate "2025.12.29"]

1. Nf3 Nf6 2. g3 c5 3. Bg2 Nc6 4. d4 cxd4 5. Nxd4 e5 6. Nb3 d5 7. Bg5 Be6 8. O-O
a5 9. a4 Be7 10. Bxf6 Bxf6 11. Nc5 Qb6 12. Nxe6 fxe6 13. Nc3 O-O 14. Nb5 e4 15.
c3 Ne5 16. Qd4 Nf3+ 17. exf3 Bxd4 18. cxd4 exf3 19. Bh3 Rac8 20. Rfe1 Rf6 21.
Re3 h6 22. Rae1 Kf7 23. b3 Rc2 24. Bg4 Rc8 25. Rxf3 Rxf3 26. Bxf3 Kf6 27. Bg4
Re8 28. Rc1 e5 29. Nc7 Rd8 30. dxe5+ Kxe5 31. Re1+ Kd6 32. Nb5+ Kc5 33. Re6 Qxe6
34. Bxe6 Kb4 35. Nc7 d4 36. Kf1 d3 37. Ke1 Kc3 38. Kd1 Rf8 39. f4 Rd8 40. f5 Rd6
41. Nb5+ 1-0

[Event "World Blitz Women 2025"]
[Site "Doha QAT"]
[Date "2025.12.29"]
[Round "6.24"]
[White "Shvedova, Alexandra"]
[Black "Nguyen Hong Nhung"]
[Result "0-1"]
[WhiteTitle "WIM"]
[BlackTitle "FM"]
[WhiteElo "2255"]
[BlackElo "2268"]
[WhiteFideId "54154782"]
[BlackFideId "12412201"]
[EventDate "2025.12.29"]

1. e4 c5 2. Ne2 e6 3. d4 cxd4 4. Nxd4 Nc6 5. Nc3 Qc7 6. Be3 a6 7. Qf3 Ne5 8. Qg3
h5 9. h4 Nf6 10. O-O-O b5 11. a3 Bb7 12. Bf4 d6 13. Re1 Be7 14. Bg5 O-O 15. f4
Nc4 16. e5 dxe5 17. fxe5 Ng4 18. Bxe7 Qxe7 19. Bxc4 bxc4 20. Ne4 Bxe4 21. Rxe4
Rab8 22. Rf1 Qb7 23. Ref4 Qxb2+ 24. Kd1 c3 25. Qd3 Nxe5 26. Qe4 Ng4 27. Nc6
Rbd8+ 28. Nxd8 Rxd8+ 29. Ke2 Qb5+ 30. Qc4 Rd2+ 31. Kf3 Qxc4 32. Rxc4 Nh2+ 33.
Ke4 Nxf1 34. Rxc3 Re2+ 35. Kf3 Re5 36. Rc8+ Kh7 37. Rc6 a5 38. Rc7 Kg6 39. Kf2
Nd2 40. c3 Ne4+ 41. Kf3 f5 42. Kf4 Rc5 43. Ra7 e5+ 44. Ke3 Rxc3+ 45. Ke2 Rxa3 0-1

[Event "World Blitz Women 2025"]
[Site "Doha QAT"]
[Date "2025.12.29"]
[Round "6.25"]
[White "Rudzinska, Michalina"]
[Black "Charkhalashvili, Inga"]
[Result "0-1"]
[WhiteTitle "WGM"]
[BlackTitle "WGM"]
[WhiteElo "2206"]
[BlackElo "2235"]
[WhiteFideId "1172883"]
[BlackFideId "13601431"]
[EventDate "2025.12.29"]

1. e4 c6 2. d4 d5 3. f3 e6 4. Nc3 Nf6 5. e5 Nfd7 6. f4 c5 7. Nf3 cxd4 8. Nxd4
Nc6 9. Be3 Bb4 10. Bd3 Bc5 11. Nxc6 bxc6 12. Bxc5 Nxc5 13. O-O Qb6 14. Kh1 Qxb2
15. Ne2 g6 16. Qd2 Qa3 17. Nd4 Bd7 18. Rf3 Qb2 19. Raf1 Qxd4 20. f5 gxf5 21. Qg5
Nxd3 22. Rxd3 Qxe5 23. Rb3 Qe2 24. Rfb1 Rc8 25. Qg7 Rf8 26. Rb7 Qg4 27. Qe5 Rg8
28. Rg1 Qe4 29. Qd6 Rd8 30. Qc7 Ke7 31. Qxc6 d4 32. Qc5+ Kf6 33. Rb4 Bc6 0-1

[Event "World Blitz Women 2025"]
[Site "Doha QAT"]
[Date "2025.12.29"]
[Round "6.26"]
[White "Batsiashvili, Nino"]
[Black "Tarasenka, Aliaksandra"]
[Result "1-0"]
[WhiteTitle "GM"]
[BlackTitle "WIM"]
[WhiteElo "2462"]
[BlackElo "2266"]
[WhiteFideId "13602993"]
[BlackFideId "13514288"]
[EventDate "2025.12.29"]

1. d4 Nf6 2. c4 e6 3. Nc3 Bb4 4. Nf3 Bxc3+ 5. bxc3 d6 6. Nd2 e5 7. e4 O-O 8. Bd3
Nc6 9. O-O exd4 10. Bb2 Ne5 11. Bb1 Be6 12. cxd4 Nxc4 13. Nxc4 Bxc4 14. Re1 d5
15. e5 Ne4 16. Bxe4 dxe4 17. Rxe4 Bd5 18. Rg4 f5 19. exf6 Qxf6 20. Qc2 c6 21.
Rg3 Rae8 22. h3 Qf4 23. Rd1 Rf7 24. Bc1 Qf6 25. Bg5 Qd6 26. Qd2 Ref8 27. Be3 Qe6
28. a3 Qe4 29. Qd3 Qe6 30. Qc3 a6 31. Qb4 Qe4 32. Qd2 Re8 33. Rg4 Qe6 34. Bf4 h5
35. Rg5 Qe4 36. Be5 g6 37. Re1 Qh4 38. Rg3 Kh7 39. Ree3 Re6 40. Qc2 Qe7 41. Qd2
Rf5 42. Rc3 b6 43. Qb2 c5 44. Qd2 c4 45. Rce3 b5 46. Bb8 Qf7 47. Rxe6 Bxe6 48.
Be5 Bd5 49. Qb4 Qe6 50. Qc5 Qd7 51. Qb6 Qe6 52. Qc7+ Qf7 53. Qd6 Qe6 54. Qd8 Rf7
55. Qh8# 1-0

[Event "World Blitz Women 2025"]
[Site "Doha QAT"]
[Date "2025.12.29"]
[Round "6.27"]
[White "Kaliakhmet, Elnaz"]
[Black "Padmini, Rout"]
[Result "1/2-1/2"]
[WhiteTitle "WIM"]
[BlackTitle "IM"]
[WhiteElo "2329"]
[BlackElo "2354"]
[WhiteFideId "13730169"]
[BlackFideId "5029295"]
[EventDate "2025.12.29"]

1. d4 Nf6 2. c4 c5 3. d5 b5 4. cxb5 a6 5. bxa6 g6 6. Nc3 Bxa6 7. e4 Bxf1 8. Kxf1
d6 9. Nf3 Nbd7 10. g3 Bg7 11. Kg2 O-O 12. a4 Qb6 13. Qc2 Rfb8 14. Nb5 Ne8 15.
Bd2 Nc7 16. Nxc7 Qxc7 17. Bc3 Qb7 18. Rhb1 Ra6 19. b3 Bxc3 20. Qxc3 Qb4 21. Qxb4
Rxb4 22. Nd2 Kg7 23. f3 Ne5 24. f4 Nd3 25. Kf3 Rd4 26. Ke3 Nb4 27. Rc1 f5 28.
exf5 gxf5 29. Nf3 Rd3+ 30. Ke2 Rxb3 31. Rd1 Kf6 32. Kf2 Rb2+ 33. Kg1 Nc2 34.
Rac1 Nb4 35. Ra1 c4 36. Rdc1 Nxd5 37. Rxc4 e5 38. fxe5+ dxe5 39. a5 e4 40. Nd4
Ke5 41. Nc6+ Kf6 42. Rc5 Ne3 43. Nd4 Rg2+ 44. Kh1 Rd2 45. Nb3 Rd3 46. Rb5 Rc3
47. Nc5 Ra8 48. a6 Rc2 49. a7 Ng4 50. Rb8 Rxa7 51. Rxa7 Rxc5 52. Rb6+ Ke5 53.
Re7+ Kd4 54. h3 Ne3 55. Rd6+ Kc3 56. g4 fxg4 57. Rxe4 Nc4 58. Rd1 gxh3 59. Rc1+
Kb4 60. Kh2 Kb5 61. Kxh3 Na5 62. Rxc5+ Kxc5 63. Re5+ Kb4 64. Kh4 Nc4 65. Rf5 Kc3
66. Kh5 Kd4 67. Rf1 Ke5 68. Kh6 Ne3 69. Ra1 Nd5 70. Kxh7 Nf4 71. Kg7 Nd5 72. Kf7
Nf4 73. Ra5+ Nd5 74. Rb5 Kd6 75. Rb1 Ke5 76. Rd1 Kd6 77. Kg6 Ke5 78. Re1+ Kd4
79. Kf5 Ne3+ 80. Kf4 Nd5+ 81. Kf3 Nc3 82. Rh1 Nd5 1/2-1/2

[Event "World Blitz Women 2025"]
[Site "Doha QAT"]
[Date "2025.12.29"]
[Round "6.28"]
[White "Lyutsinger, Iren"]
[Black "Balajayeva, Khanim"]
[Result "0-1"]
[WhiteTitle "FM"]
[BlackTitle "IM"]
[WhiteElo "2169"]
[BlackElo "2351"]
[WhiteFideId "34425969"]
[BlackFideId "13406396"]
[EventDate "2025.12.29"]

1. e4 e5 2. Nf3 Nc6 3. Bb5 a6 4. Ba4 Nf6 5. O-O Be7 6. Re1 b5 7. Bb3 O-O 8. h3
d6 9. c3 Bb7 10. d4 exd4 11. cxd4 Na5 12. Bc2 Nd7 13. Nc3 c5 14. Bf4 Re8 15. Qd3
Nf8 16. Rad1 Nc4 17. Bc1 cxd4 18. Nxd4 Bf6 19. b3 Ne5 20. Qg3 Rc8 21. Nd5 Bxd5
22. exd5 Qa5 23. Bf5 Rcd8 24. f4 Neg6 25. Nc6 Qxa2 26. Bxg6 Nxg6 27. Nxd8 Rxd8
28. f5 Bh4 29. Qxd6 Rxd6 30. Re8+ Nf8 31. Bf4 Rd8 32. Re4 Qxb3 33. Rc1 Qxd5 0-1